LEADER 00958nam a2200253 u 4500 001 000000037829 003 CaOOAMICUS 005 20070226113817.0 008 980417s1974 it u000 u ita u 035 $a10790766 040 $aPUL(R)$bita 100 1 $aFoderaro, Salvatore,$d1908-$0(OLS)http://pul/name/28343 245 10$aManuale di diritto pubblico /$cSalvatore Foderaro. 250 $a3. ed. 260 $aPadova :$bCEDAM,$c1974. 300 $aviii, 754 p. : ;$c24 cm 500 $aInclude indici. 650 4$aDiritto pubblico$zItalia$xManuali, trattati, ecc.$0(OLS)http://pul/subject/13308 850 $aPUL 852 $aPUL$W1$xSL Diritto e Scienze Sociali 1$y4$m175 D 35$j51658$nBK-PRI$b $qStampati$B51658$CPULBib$Z2$F51658 $H $81 941 1 $a8 961 $aINV: 41279 996 $6245$aManuale di diritto pubblico$9(OLS)http://pul/title/51433 996 $6260$aPadova :$bCEDAM$9(OLS)http://pul/publisher/48126 LEADER 01805nam a2200325 a 4500 001 000000176877 003 CaOOAMICUS 005 20240529124632.0 008 240529s2024 sp u100 u spa r 020 $a978-84-10023-18-5* 032 $aLibriCat 040 $aPUL$bita 111 0 $aSimposio internacional de Teología del sacerdocio (37 : 2023 : Burgos).$0(OLS)http://pul/name/113692 245 10$aSacerdocio ministerial en la misión de la Iglesia :$bXXXVII Simposio Internacional de Teología del Sacerdocio, Burgos 2023 / $cFacultad de Teología del Norte de España, Instituto "San Juan de Ávila". 260 $aBurgos :$bFacultad de Teologia del norte de Espana,$c2024$aBurgos :$bGrupo Editorial Fonte 300 $a289 p. ;$c21 cm 490 1 $aTeologia del sacerdocio ;$v33 504 $aBibliografia in nota. 546 $aTesto in spagnolo, abstracts in inglese. 650 4$aSacerdozio$xCongressi.$0(OLS)http://pul/subject/29479 710 2 $aFacultad de Teología del Norte de España.$bSede de Burgos.$0(OLS)http://pul/name/82786 830 0$aTeología del sacerdocio$b(Instituto San Jaun de Avila - Burgos) ;$v33.$0(OLS)http://pul/title/218378 850 $aPUL 852 $aPUL$W1$xSL Religione 3$y85$m253 SITDS 1$j200878$qDDC 21$B205836$CPULBib$Z2$F205836 $H136997 $82 941 1 $a16 996 $6020$a978-84-10023-18-5*$9(OLS)http://pul/number/169747 996 $6245$aSacerdocio ministerial en la misión de la Iglesia :$bXXXVII Simposio Internacional de Teología del Sacerdocio, Burgos 2023 / $9(OLS)http://pul/title/218377 996 $6260$aBurgos :$bFacultad de Teologia del norte de Espana$9(OLS)http://pul/publisher/59983 996 $6260$aBurgos :$bGrupo Editorial Fonte$9(OLS)http://pul/publisher/87606